Statistics for Christina Perri Charting Songs (Billboard Hot 100)

Click here to take the quiz!

General Stats

  • This quiz has been taken 18 times
  • The average score is 2 of 5

Answer Stats

AlbumWeeks OnPeakArtist(s)Song% Correct
The Twilight Saga: Breaking Dawn - Part 126 Weeks#31Christina PerriA Thousand Years
91%
Lovestrong31 Weeks#17Christina PerriJar of Hearts
82%
Head or Heart20 Weeks#31Christina PerriHuman
55%
Lovestrong2 Weeks#94Christina PerriArms
9%
The Twilight Saga: Breaking Dawn - Part 23 Weeks#53Christina Perri ft. Steve KazeeA Thousand Years, Pt. 2
9%

Score Distribution

Percentile by Number Answered

Percent of People with Each Score

Your Score History

You have not taken this quiz